000 00577nam a2200205Ia 4500
005 20250326142340.0
008 250326s9999 xx 000 0 und d
020 _a8203-0603-1
037 _aTextbook
040 _aFMSL
_beng
_cFMSL
041 _aeng
_2eng
084 _aX:8D M9;7
_qFMSL
100 _aHampton J J
245 0 _aFicial decision making: concepts, problems and cases
_cHampton J J
250 _aEd 4
260 _aNew Delhi
_bNew Delhi, Prentice Hall of India
_c1989
300 _a574p
942 _cTB
_hX:8D M9;7
999 _c1294598
_d1294598